000 01170nam a2200241Ia 4500
003 OSt
005 20250627124928.0
008 191128t2014 ck jr 000 p spa d
020 _a9789583007406
040 _aCO-JMCR
_cCO-JMCR
041 _aspa
082 0 4 _aA-P
_bJIMp
100 1 _aJiménez, Juan Ramón,
_d1881-1958,
_eautor
_99259
245 1 0 _aPlatero y yo /
_cJuan Ramón Jiménez ; ilustraciones Rocío Parra Parra
260 _aBogotá :
_bPanamericana,
_c©2014
300 _a237 páginas :
_bilustraciones a blanco y negro ;
_c21 cm.
490 0 _aLiteratura juvenil
505 _aPlatero -- Mariposas del anochecer -- El eclipse -- Escalofrío -- La miga -- El loco -- Judas -- Las brevas -- ¡Ángelus! -- El moridero -- La púa -- Golondrinas -- La cuadra -- El potro castrado -- La casa de enfrente
520 _aEn breves prosas, el poeta, en diálogo con Platero unas veces, en su compañía otras, va captando la belleza de la realidad exterior por un lado; por otro, la belleza de la relación entre el hombre y su amigo Platero.
650 1 4 _aPoesía española
_9381
700 _aParra Parra, Rocío,
_eilustradora
_99260
942 _2ddc
_cBK
999 _c3239
_d3239